| 000 | 00376 a2200169 4500 | ||
|---|---|---|---|
| 001 | 189394 | ||
| 020 | _a978-85-7834-010-0 | ||
| 040 | _cMagnum | ||
| 100 | _aBarrocas, Ana Tereza | ||
| 240 | 1 | 0 |
_aA bolinha sonolenta _lpor |
| 245 | 1 | 0 | _aA bolinha sonolenta |
| 300 | _a20 | ||
| 362 | 0 | _a2008 | |
| 440 | 1 | _aAo Livro Técnico | |
| 697 | _aLITERATURA INFANTIL | ||
| 942 | _cBK | ||
| 999 |
_c189394 _d189394 |
||